| 000 | 00650nam a2200229 a 4500 | ||
|---|---|---|---|
| 999 |
_c7916 _d7916 |
||
| 001 | 7916 | ||
| 003 | BD-JhCC | ||
| 005 | 20180217111911.0 | ||
| 008 | 171101s1997 bg a|||| ||a| 000 0 ben d | ||
| 020 | _a984073511X | ||
| 035 | _a(BD-JhCC)7916 | ||
| 040 |
_aBD-JhCC _dBD-JhCC |
||
| 041 | _aben | ||
| 082 |
_a080 _bALA 1997 |
||
| 100 | _aআলাউদ্দিন, রাজু | ||
| 245 |
_aকথোপকথন / _cরাজু আলাউদ্দিন |
||
| 260 |
_aঢাকা : _bবাংলা একাডেমী, _c1997. |
||
| 300 |
_a138 p. : _c2২ cm. |
||
| 650 | _aInterview | ||
| 942 |
_2ddc _cBK |
||